Kosko revista libre / (Record no. 22019)

000 -CABECERA
fixed length control field 01069nam a22002297a 4500
003 - IDENTIFICADOR DEL NÚMERO DE CONTROL
control field AR-CdUCM
008 - DATOS DE LONGITUD FIJA--INFORMACIÓN GENERAL
fixed length control field 190425b ||||| |||| 00| 0 spa d
040 ## - FUENTE DE LA CATALOGACIÓN
Agencia/entidad que catalogó originalmente la obra MUNICIPALIDAD PROVINCIAL DEL CUSCO
Entidad que transcribió la catalogación BIBLIOTECA MUNICIPAL DEL CUSCO
082 ## - NÚMERO DE LA CLASIFICACIÓN DECIMAL DEWEY
No. de Clasificación Kosko/N°23/1924
245 ## - MENCIÓN DE TÍTULO
Título Kosko revista libre /
Mención de responsabilidad Luis Felipe Paredes. Director. Roberto Latorre. Fundador y propietario
260 ## - PUBLICACIÓN, DISTRIBUCIÓN, ETC.
Lugar de publicación, distribución, etc. Cusco.
Nombre de la editorial, distribuidor, etc. Talleres tipográficos trabajo,
Fecha de publicación, distribución, etc. 1924.
300 ## - DESCRIPCIÓN FÍSICA
Nº de Páginas Extensión 12 páginas. :
Dimensiones 26 cm.
440 ## - MENCIÓN DE SERIE/PUNTO DE ACCESO ADICIONAL--TÍTULO
Título Kosko revista libre.
Número de la parte/sección de una obra Año I, N°23, 30 de noviembre de1924.
9 (RLIN) 47180
505 ## - NOTA DE CONTENIDO CON FORMATO
Nota de contenido formateada Contenido: Al rededor de una iniciativa. -- La dirección. -- El monumento a candamo. -- Lima a vuelo de condor. -- El vital elemento. -- De como Jesús insulto a un tuerto. -- El pintor Pantigoso en Buenos Aires. -- Poesías.
650 ## - PUNTO DE ACCESO ADICIONAL DE MATERIA--TÉRMINO DE MATERIA
Descriptor Historias del Cusco
9 (RLIN) 47166
650 ## - PUNTO DE ACCESO ADICIONAL DE MATERIA--TÉRMINO DE MATERIA
Descriptor Siglo XX
9 (RLIN) 47176
700 ## - PUNTO DE ACCESO ADICIONAL--NOMBRE DE PERSONA
Nombre Personal Barrionuevo Navarro, Leandro
Término de relación Director
9 (RLIN) 47177
700 ## - PUNTO DE ACCESO ADICIONAL--NOMBRE DE PERSONA
Nombre Personal Barrionuevo Sánchez, Armando
Término de relación Director
9 (RLIN) 31129
700 ## - PUNTO DE ACCESO ADICIONAL--NOMBRE DE PERSONA
Nombre Personal Revista cusqueña
9 (RLIN) 47181
942 ## - ELEMENTOS DE PUNTO DE ACCESO ADICIONAL (KOHA)
Fuente de clasificación
Tipo de item Revistas cusqueñas
945 ## - PROCESAMIENTO DE INFORMACIÓN LOCAL (OCLC)
Catalogador vhl
Holdings
Estado de retiro (separado) Fuente de clasificación o esquema de estanterías Estado dañado Ubicación Sala donde se ubica Nombre de la colección Fecha de adquisición o compra Costo, precio normal en soles Signatura topográfica Código de Barras Última vez visto (Koha) Tipo de ítem (Koha)
No     Sala Hemeroteca Sala Hemeroteca Book Cart 2022-02-11 10.00 Kosko/N°23/1924 REVC000882 2022-02-11 Revistas cusqueñas

Powered by Koha